[Event "Top 12 Feminin Groupe B"]
[Site "Juvisy sur Orge"]
[Date "2018.05.08"]
[Round "5.6"]
[White "Maisuradze, Nino"]
[Black "Legrand, Francoise"]
[Result "1-0"]
[WhiteElo "2172"]
[BlackElo "1520"]
[PlyCount "63"]
[EventDate "2018.05.08"]

1. d4 {[%clk 1:30:57]} d6 {[%clk 1:30:53]} 2. Nf3 {[%clk 1:31:16]} Nf6
{[%clk 1:31:04]} 3. Nc3 {[%clk 1:31:38]} Nbd7 {[%clk 1:31:02]} 4. e4
{[%clk 1:31:58]} e5 {[%clk 1:31:13]} 5. Bc4 {[%clk 1:32:13]} Be7 {[%clk 1:31:37]}
6. O-O {[%clk 1:32:14]} O-O {[%clk 1:31:49]} 7. h3 {[%clk 1:32:15]} c6
{[%clk 1:31:59]} 8. Bb3 {[%clk 1:31:45]} a5 {[%clk 1:31:23]} 9. a4
{[%clk 1:31:56]} Qc7 {[%clk 1:29:40]} 10. Bg5 {[%clk 1:31:54]} h6
{[%clk 1:28:01]} 11. Be3 {[%clk 1:32:05]} Re8 {[%clk 1:24:25]} 12. Qd2
{[%clk 1:30:35]} Bf8 {[%clk 1:23:03]} 13. Rfe1 {[%clk 1:29:15]} Nh7
{[%clk 1:19:45]} 14. Rad1 {[%clk 1:28:32]} Be7 {[%clk 1:15:48]} 15. Ne2
{[%clk 1:27:59]} Ndf6 {[%clk 1:13:58]} 16. Ng3 {[%clk 1:20:10]} Bf8
{[%clk 1:10:59]} 17. Nh4 {[%clk 1:19:29]} Be6 {[%clk 1:06:59]} 18. Bxe6
{[%clk 1:16:35]} Rxe6 {[%clk 1:07:16]} 19. Nhf5 {[%clk 1:15:54]} d5
{[%clk 1:02:51]} 20. dxe5 {[%clk 1:15:19]} Nxe4 {[%clk 0:52:18]} 21. Nxe4
{[%clk 1:14:39]} dxe4 {[%clk 0:52:41]} 22. Bf4 {[%clk 1:12:54]} Qb6
{[%clk 0:30:12]} 23. c3 {[%clk 1:11:44]} Ree8 {[%clk 0:25:43]} 24. Rxe4
{[%clk 1:09:30]} Nf6 {[%clk 0:23:55]} 25. exf6 {[%clk 0:56:11]} Rxe4
{[%clk 0:23:47]} 26. fxg7 {[%clk 0:56:26]} Bxg7 {[%clk 0:18:52]} 27. Bxh6
{[%clk 0:56:24]} Bf6 {[%clk 0:18:00]} 28. Bg7 {[%clk 0:39:23]} Rd8
{[%clk 0:13:04]} 29. Qh6 {[%clk 0:38:56]} Rxd1+ {[%clk 0:12:34]} 30. Kh2
{[%clk 0:39:24]} Qc7+ {[%clk 0:11:47]} 31. g3 {[%clk 0:39:47]} Rh4
{[%clk 0:11:03]} 32. Qxf6 {[%clk 0:39:53]} 1-0

[Event "Top 12 Feminin Groupe B"]
[Site "Juvisy sur Orge"]
[Date "2018.05.08"]
[Round "5.7"]
[White "Aubry, Virginie"]
[Black "Fischer, Julie"]
[Result "0-1"]
[WhiteElo "1399"]
[BlackElo "1983"]
[PlyCount "44"]
[EventDate "2018.05.08"]



1. e4 {[%clk 1:30:53]} c5 {[%clk 1:27:13]} 2. Nc3 {[%clk 1:29:58]} Nc6
{[%clk 1:27:37]} 3. d3 {[%clk 1:29:02]} g6 {[%clk 1:27:36]} 4. Be3
{[%clk 1:27:50]} Nd4 {[%clk 1:27:46]} 5. Bxd4 {[%clk 1:26:53]} cxd4
{[%clk 1:28:10]} 6. Nce2 {[%clk 1:26:42]} Bg7 {[%clk 1:26:59]} 7. Nf3
{[%clk 1:25:52]} e5 {[%clk 1:26:45]} 8. g3 {[%clk 1:24:42]} d6 {[%clk 1:26:16]}
9. Bg2 {[%clk 1:24:12]} Be6 {[%clk 1:26:22]} 10. O-O {[%clk 1:23:54]} h6
{[%clk 1:25:29]} 11. Qd2 {[%clk 1:23:11]} Nf6 {[%clk 1:24:52]} 12. c3
{[%clk 1:21:33]} dxc3 {[%clk 1:25:13]} 13. Nxc3 {[%clk 1:21:30]} O-O
{[%clk 1:25:27]} 14. b3 {[%clk 1:18:19]} d5 {[%clk 1:23:34]} 15. Nxe5
{[%clk 1:13:22]} dxe4 {[%clk 1:23:51]} 16. Nxe4 {[%clk 1:09:30]} Nxe4
{[%clk 1:24:15]} 17. Bxe4 {[%clk 1:09:17]} Bxe5 {[%clk 1:24:40]} 18. Rac1
{[%clk 1:06:11]} Bg7 {[%clk 1:24:37]} 19. Bxb7 {[%clk 1:01:15]} Rb8
{[%clk 1:25:03]} 20. Be4 {[%clk 0:58:20]} Bd5 {[%clk 1:25:23]} 21. f3
{[%clk 0:55:21]} Be6 {[%clk 1:24:13]} 22. Qe3 {[%clk 0:49:14]} Bd4
{[%clk 1:24:37]} 0-1

[Event "Top 12 Feminin Groupe B"]
[Site "Juvisy sur Orge"]
[Date "2018.05.08"]
[Round "5.8"]
[White "Bellahcene, Meriem"]
[Black "Moalla, Julie"]
[Result "1-0"]
[WhiteElo "1895"]
[BlackElo "1099"]
[PlyCount "29"]
[EventDate "2018.05.08"]



1. e4 {[%clk 1:30:57]} e5 {[%clk 1:30:47]} 2. Bc4 {[%clk 1:31:17]} Nc6
{[%clk 1:30:58]} 3. Nc3 {[%clk 1:31:13]} Nf6 {[%clk 1:31:13]} 4. d3
{[%clk 1:31:37]} Bc5 {[%clk 1:31:22]} 5. f4 {[%clk 1:29:44]} O-O {[%clk 1:30:33]}
6. f5 {[%clk 1:29:02]} Bxg1 {[%clk 1:29:11]} 7. Rxg1 {[%clk 1:29:25]} d6
{[%clk 1:28:22]} 8. g4 {[%clk 1:28:26]} Ne8 {[%clk 1:26:49]} 9. g5
{[%clk 1:28:34]} g6 {[%clk 1:26:23]} 10. Be3 {[%clk 1:22:42]} gxf5
{[%clk 1:24:33]} 11. g6 {[%clk 1:22:51]} Qh4+ {[%clk 1:23:38]} 12. Bf2
{[%clk 1:23:14]} Qxh2 {[%clk 1:23:35]} 13. gxf7+ {[%clk 1:23:36]} Kh8
{[%clk 1:23:05]} 14. Rg8+ {[%clk 1:23:55]} Rxg8 {[%clk 1:23:18]} 15. fxg8=Q#
{[%clk 1:24:18]} 1-0